=LDR 00000nam 2200000 4500 =001 INLIS000000000052163 =005 20201117075957 =035 ##$$a 0010-0118000351 =007 ta =008 201117################g##########0#ind## =020 ##$$a 978-979-007-461-1 =082 ##$$a 324.602 6 =084 ##$$a 324.602 6 IND u =100 #$$a Indonesia =245 1#$$a (Undang-Undang Dan Peratutan) : $b Undang-Undang Pemilu 2012(UU RI No.8 Tahun 2012) =250 ##$$a cet.3 =260 ##$$a Jakarta :$b Sinar Grafika,$c 2014 =300 ##$$a ix, 612 Hlm ; $c 21x14 cm =650 #4$$a Pemilihan Umum - Undang-Undang Dan Peraturan =990 ##$$a 21705795 =990 ##$$a 21705794 =990 ##$$a 21705793 =990 ##$$a 21705792 =990 ##$$a 21705791